Lataa...
Effective of Literary Rich Approach in the Language Development of Children with Mental Retardation
| Päätekijä: | |
|---|---|
| Yhteisötekijä: | |
| Muut tekijät: | |
| Aineistotyyppi: | Ph.D Thesis |
| Julkaistu: |
Kottayam
MGU
2010
|
| Aiheet: |
| LEADER | 00486nam a22001337a 4500 | ||
|---|---|---|---|
| 999 | |c 93747 |d 93747 | ||
| 100 | |a Mary P.V |9 44425 | ||
| 245 | |a Effective of Literary Rich Approach in the Language Development of Children with Mental Retardation | ||
| 260 | |a Kottayam |b MGU |c 2010 | ||
| 650 | |a Special Education |9 44426 | ||
| 700 | |a Dr. P.S Sukumaran |9 43836 | ||
| 710 | |a MGU |b SBES |f 2010 |k Theses |9 44427 | ||
| 942 | |c THES | ||
| 952 | |0 0 |1 0 |4 0 |7 0 |9 86237 |a SBES |b SBES |d 2016-10-26 |l 0 |p T019 |r 2016-10-26 |w 2016-10-26 |y THES | ||